=LDR 00000nam 2200000 4500 =001 NUTBA000000000004025 =005 20140902092304.0 =006 =007 =008 =020 ##$$a 978-602-19245-2-4 =035 ##$$a 0010-091400000000058 =040 ##$$a NBPDMAT =082 ##$$a 641.34 =090 ##$$a 641.34 $b Mut d =100 ##$$a Mutiara Syafitri =245 ##$$a Dahsyatnya khasiat jus untuk kanker / $c Mutiara Syafitri =260 ##$$a Jakarta : $b Dunia Sehat, [20...?] =300 ##$$a vi, 92 hlm. : $b ilus. ; $c 21 cm. =650 ##$$a Minuman jus =990 ##$$a 21408727